000 00517nam a2200193 a 4500
001 3545
003 CO-ViMGA
008 141112s2004 ck r 000 u spa d
040 _aCO-ViMGA
_bspa
_cCO-ViMGA
082 0 4 _a636.089 N426
100 1 _aNicolet, Jacques
_953412
245 1 0 _aCompendio de bacteriologĂ­a medica veterinaria
260 _aZaragoza :
_bAcribia,
_c1986
300 _a275 p : il
490 _aMicrobiologĂ­a e inmunologia
650 1 4 _aBACTERIOLOGIA
650 1 4 _aVETERINARIA
942 _2ddc
_cBK
999 _c15588
_d15588